000 00781cab a2200313 4500
001 ABS52708
008 090401t1995 xxu||||| |||| 00| 0 eng d
035 _a(Sirsi) u92275
041 _aeng
245 _aMarket report: East Midlands
260 _c1995
350 _a0
490 _aProperty Week
_v51(1) 6 April 1995, 34-52(9)
650 _aCORBY
650 _aDAVENTRY
650 _aDISTRIBUTION MARKET
650 _aEAST MIDLANDS
650 _aFOSSE PARK
650 _aKETTERING
650 _aLEICESTER
650 _aLUTTERWORTH
650 _aNORTHAMPTON
650 _aNOTTINGHAM
650 _aPLANNING ISSUES
650 _aTRANSPORT ISSUES
690 _aPROPERTY-COMMERCIAL PROPERTY-COMMERCIAL PROPERTY MARKET
942 _n0
948 _c04/03/1997
999 _c58512
_d58512